<?xml version="1.0" encoding="utf-8"?>
<?xml-stylesheet type='text/xsl' href='./oai2.xsl'?>
<OAI-PMH xmlns="http://www.openarchives.org/OAI/2.0/" xmlns:xsi="http://www.w3.org/2001/XMLSchema-instance" xsi:schemaLocation="http://www.openarchives.org/OAI/2.0/ http://www.openarchives.org/OAI/2.0/OAI-PMH.xsd">
  <responseDate>2026-06-07T17:34:47Z</responseDate>
  <request verb="GetRecord" metadataPrefix="marcxml" identifier="record_kuniweb_2495224">https://kulturerbe.niedersachsen.de/oai</request>
  <GetRecord>
    <record>
      <header>
        <identifier>record_kuniweb_2495224</identifier>
        <datestamp>2026-03-31T19:09:18Z</datestamp>
        <setSpec>slg0290</setSpec>
      </header>
      <metadata>
        <marc:record xmlns:marc="http://www.loc.gov/MARC21/slim" xsi:schemaLocation="http://www.loc.gov/MARC21/slim http://www.loc.gov/standards/marcxml/schema/MARC21slim.xsd">
          <marc:leader>12345nam  22     uu 4500</marc:leader>
          <marc:controlfield tag="001">2495224</marc:controlfield>
          <marc:controlfield tag="003">http://kuniweb.gbv.de</marc:controlfield>
          <marc:controlfield tag="005">2025-11-10T15:31:39</marc:controlfield>
          <marc:controlfield tag="008">|           ||||||||||||||||||||||</marc:controlfield>
          <marc:datafield tag="245" ind1="1" ind2="0">
            <marc:subfield code="a">Werbung und Bestellschein August Stukenbrok Einbeck</marc:subfield>
          </marc:datafield>
          <marc:datafield tag="720" ind1=" " ind2=" ">
            <marc:subfield code="a">Deutschland-Fahrrad-Werke August Stukenbrok &lt;Einbeck&gt;</marc:subfield>
          </marc:datafield>
          <marc:datafield tag="655" ind1=" " ind2="7">
            <marc:subfield code="a">Druckschriften</marc:subfield>
          </marc:datafield>
          <marc:datafield tag="046" ind1=" " ind2=" ">
            <marc:subfield code="k">1920-01-01</marc:subfield>
            <marc:subfield code="k">ca. 1. Januar 1920 - ca. 31. Dezember 1929</marc:subfield>
            <marc:subfield code="l">1929-12-31</marc:subfield>
          </marc:datafield>
          <marc:datafield tag="260" ind1=" " ind2=" ">
            <marc:subfield code="g">1920-01-01</marc:subfield>
            <marc:subfield code="g">1929-12-31</marc:subfield>
            <marc:subfield code="g">ca. 1. Januar 1920 - ca. 31. Dezember 1929</marc:subfield>
          </marc:datafield>
          <marc:datafield tag="300" ind1=" " ind2=" ">
            <marc:subfield code="a">Breite: 15 cm
Höhe: 20,7 cm</marc:subfield>
          </marc:datafield>
          <marc:datafield tag="520" ind1=" " ind2=" ">
            <marc:subfield code="a">Werbeblatt mit Bestellpostkarte für ASTE Katalog (StadtMuseum Einbeck)

Aufdruck:
Deutschland-Fahrräder sind Marken-Räder ersten Ranges "Deutschland"-Nähmaschinen sind deutsche Präzisions-Erzeugnisse von hoher Leistungsfähigkeit dabei niedrig im Preise Überzeugen Sie sich und verlangen Sie noch heute die neueste Preisliste der Fahrrad-Fabrik AUGUST STUKENBROK, EINBECK durch anhängende Karte Deutschland-Fahrräder Nähmaschinen Sportartikel aller Art Waffen und Munition, Uhren, Haushaltungsgegenstände, Spielwaren und vieles Andere können Sie nirgends vorteilhafter kaufen, als nach meinem neuesten Katalog mit niedrigsten Preisen, dem Ratgeber für jedes Haus, der Ihnen kostenlos zugesandt wird. AUGUST STUKENBBROK, EINBECK

Verwendungszweck:
Bestellmöglichkeit</marc:subfield>
          </marc:datafield>
          <marc:datafield tag="773" ind1="0" ind2=" ">
            <marc:subfield code="t">Sammlung Konsumgeschichte</marc:subfield>
          </marc:datafield>
          <marc:datafield tag="852" ind1=" " ind2=" ">
            <marc:subfield code="a">Stadtmuseum Einbeck</marc:subfield>
          </marc:datafield>
          <marc:datafield tag="852" ind1=" " ind2=" ">
            <marc:subfield code="a">Einbeck</marc:subfield>
          </marc:datafield>
          <marc:datafield tag="" ind1=" " ind2=" ">
            <marc:subfield code="a">Namensnennung - Weitergabe unter gleichen Bedingungen 4.0 International (CC BY-SA 4.0)</marc:subfield>
          </marc:datafield>
        </marc:record>
      </metadata>
    </record>
  </GetRecord>
</OAI-PMH>
